00758cam a22002293a 45000010005000000030006000050050017000110080041000280400015000690420007000840500007000911000033000982450098001312600029002295060030002585160020002886530038003086530080003466530033004268300028004598560041004875608PGUSA20140828083122.0040501s2004||||xxu|||||s|||||000 | eng d aPGUSAbeng adc 4aBT1 aSherlock, Thomas,d1678-176110aTrial of the Witnesses of the Resurrection of Jesush[electronic resource] /cThomas Sherlock bProject Gutenberg,c2004 aPublic domain in the USA. aElectronic text aDeism -- Controversial literature aWoolston, Thomas, 1670-1733. Sixth discourse on the miracles of our Saviour aJesus Christ -- Resurrection 0aProject Gutenbergv560840uhttp://www.gutenberg.org/ebooks/5608